Eficiencia procesal Modernizacin̤ de la justicia /

Bibliographic Details
Main Author: Přez Martell, Rosa
Format: eBook
Language:Spanish
Published: Barcelona: J.M. Bosch Editor, 2021
Subjects:
Online Access:Acceso restringido

MARC

LEADER 00000nam a22000007a 4500
005 20220901231412.0
007 cr|||| ||||
008 220901s2021 ea |||||s|||| 00||0 spa d
020 |a 978-84-19045-25-6 
035 |a 36330 
040 |a vLex 
090 |c 13871  |d 13871 
100 1 |a Přez Martell, Rosa 
245 1 0 |a Eficiencia procesal  |h [Recurso electrn̤ico] :  |b Modernizacin̤ de la justicia /  |c Rosa Přez Martell 
256 |a Servicio en ln̕ea 
260 |a Barcelona:  |b J.M. Bosch Editor,  |c 2021 
300 |a 1 recurso electrn̤ico 
506 1 |a Disponible solo en los productos indicados  |d vLex Global  |d vLex Global (Academic Edition, excluding Law Schools)  |d vLex Global (U.S. Academic Edition, Law Schools)  |d vLex Global (U.S. Academic Edition, excluding Law Schools)  |d vLex Global (Academic Edition, Law Schools) 
650 0 4 |a Derecho Procesal  |z Espaą 
650 0 4 |a Derecho Internacional  |z Espaą 
740 0 |a vLex Libros (Servicio en ln̕ea) 
856 4 0 |u https://app.vlex.com/#/sources/36330  |z Acceso restringido 
942 |c BOOK 
999 0 |a Procedural Law 
999 0 |a International Law